Silueta folklórica de Andalucía / (Record no. 185444)
[ view plain ]
| 000 -LEADER | |
|---|---|
| campo de control de longitud fija | 00769nam a2200229 i 4500 |
| 001 - NÚMERO DE CONTROL | |
| campo de control | 185444 |
| 003 - IDENTIFICADOR DE NÚMERO DE CONTROL | |
| campo de control | SpMaBN |
| 005 - FECHA Y HORA DE LA ÚLTIMA TRANSACCIÓN | |
| campo de control | 20250824063059.0 |
| 008 - DATOS DE LONGITUD FIJA--INFORMACIÓN GENERAL | |
| campo de control de longitud fija | 160603s1961 sp ao |||| | spa d |
| 080 ## - NÚMERO DE LA CLASIFICACIÓN DECIMAL UNIVERSAL | |
| Número de la Clasificación Decimal Universal | 39(460.35) |
| 100 1# - ENTRADA PRINCIPAL--NOMBRE DE PERSONA | |
| Nombre de persona | Manfredi Cano, Domingo, |
| Fechas asociadas al nombre | 1918-1998 |
| 9 (RLIN) | 75997 |
| 245 10 - MENCIÓN DEL TÍTULO | |
| Título | Silueta folklórica de Andalucía / |
| Mención de responsabilidad, etc. | Domingo Manfredi Cano. |
| 260 ## - PUBLICACIÓN, DISTRIBUCIÓN, ETC. | |
| Lugar de publicación, distribución, etc. | Madrid : |
| Nombre del editor, distribuidor, etc. | Publicaciones Españolas, |
| Fecha de publicación, distribución, etc. | 1961. |
| 300 ## - DESCRIPCIÓN FÍSICA | |
| Extensión | 158 p. : |
| Otras características físicas | il., fot. ; |
| Dimensiones | 22 cm. |
| 490 1# - MENCIÓN DE SERIE | |
| Mención de serie | Temas de España ante el mundo ; |
| Designación de volumen o secuencia | 16 |
| 490 1# - MENCIÓN DE SERIE | |
| Mención de serie | España es así |
| 651 #7 - PUNTO DE ACCESO ADICIONAL DE MATERIA--NOMBRE GEOGRÁFICO | |
| Nombre geográfico | Andalucía- |
| Subdivisión general | Usos y costumbres. |
| 9 (RLIN) | 159768 |
| 830 0# - PUNTO DE ACCESO ADICIONAL DE SERIE-TÍTULO UNIFORME | |
| Título uniforme | Temas de España ante el mundo ; |
| Designación de volumen o secuencia | 16 |
| 9 (RLIN) | 192740 |
| 830 0# - PUNTO DE ACCESO ADICIONAL DE SERIE-TÍTULO UNIFORME | |
| Título uniforme | España es así |
| 9 (RLIN) | 228945 |
| 852 ## - LOCALIZACIÓN | |
| Ubicación | ES-MaACL |
| Número de control de estantería | L-30329 |
| Estatus retirado | Estado de pérdida | Estado de daño | No para préstamo | Biblioteca de origen | Biblioteca actual | Ubicación en estantería | Fecha de adquisición | Fuente de adquisición | Total de préstamos | Signatura topográfica completa | Código de barras | Visto por última vez | Precio de reemplazo | Tipo de ítem Koha |
|---|---|---|---|---|---|---|---|---|---|---|---|---|---|---|
| Biblioteca del Ateneo de Madrid | Biblioteca del Ateneo de Madrid | Depósito 2 | 03/06/2016 | L-30329 | 1195380 | 23/02/2023 | 23/02/2023 | Libro impreso |
